[Event "Jaen-ch"]
[Site "Jaen"]
[Date "2022.02.16"]
[Round "7"]
[White "Prieto Melendez, Gustavo"]
[Black "Moreno Lerma, Manuel"]
[Result "1-0"]
[WhiteElo "1874"]
[BlackElo "1791"]
[PlyCount "90"]
[EventDate "2022.02.04"]
[EventType "swiss"]
[EventRounds "7"]
[EventCountry "ESP"]
[SourceTitle "EXT 2023"]
[Source "ChessBase"]
[SourceDate "2022.10.05"]
[SourceVersion "1"]
[SourceVersionDate "2022.10.05"]
[SourceQuality "1"]

1. e4 d6 2. d4 Nf6 3. Nc3 e5 4. Nf3 Nbd7 5. Bc4 Be7 6. 0-0 0-0 7. Re1 c6 8. a4 b6 9. Bg5 Bb7 10. Bf1 Qc7 11. Nh4 Rfe8 12. Nf5 Bf8 13. Qd2 a6 14. f3 exd4 15. Nxd4 d5 16. Kh1 dxe4 17. Nxe4 Nxe4 18. fxe4 Bd6 19. Nf3 Ne5 20. Rad1 Nxf3 21. gxf3 Be5 22. c3 h6 23. Be3 Rad8 24. Qf2 c5 25. Bc4 Bf4 26. Bxf4 Qxf4 27. Qg3 Qxg3 28. hxg3 Kf8 29. Kg1 f5 30. exf5 Bxf3 31. Rxe8+ Rxe8 32. Rd7 Re7 33. Rd8+ Re8 34. Rxe8+ Kxe8 35. Bxa6 Ke7 36. Kf2 Bg4 37. Bd3 Bd1 38. Bb5 Kf6 39. b4 cxb4 40. cxb4 Ke5 41. Ke3 Kxf5 42. a5 bxa5 43. bxa5 Ke5 44. a6 Bb3 45. Bc6 Kd6 1-0